LEADER 01147nam0-2200337---450- 001 990009434410403321 005 20110927121431.0 010 $a978-88-430-5253-0 035 $a000943441 035 $aFED01000943441 035 $a(Aleph)000943441FED01 035 $a000943441 100 $a20110927d2009----km-y0itay50------ba 101 0 $aita 102 $aIT 105 $ay-------001yy 200 1 $aIntegrazione internazionale e sviluppo interno$eStati Uniti e Italia nei programmi di riarmo del blocco atlantico (1945-1955)$fSimone Selva 210 $aRoma$cCarocci$d2009 215 $a383 p.$d22 cm 225 1 $aQuaderni del Dipartimento di discipline storiche, Università degli studi di Bologna$v14 610 0 $aStati Uniti d'America$aRelazioni con l'Italia 610 0 $aItalia$aRelazioni con gli Stati Uniti d'America 676 $a327.45073$v21$zita 700 1$aSelva,$bSimone$0512886 801 0$aIT$bUNINA$gREICAT$2UNIMARC 901 $aBK 912 $a990009434410403321 952 $aUniv. 280 (14)$b46236$fFSPBC 959 $aFSPBC 996 $aIntegrazione internazionale e sviluppo interno$9759747 997 $aUNINA LEADER 01099nam2-2200361---450 001 990002771330203316 005 20220919101131.0 010 $a88-348-6328-3 035 $a000277133 035 $aUSA01000277133 035 $a(ALEPH)000277133USA01 035 $a000277133 100 $a20060703d2006----km-y0itay50------ba 101 $aita 102 $aIT 105 $a||||||||001yy 200 1 $a2.3.4. :<> deposito in albergo e nei magazzini generali$fGoffredo Zuddas 210 $aTorino$cGiappichelli$d2006 215 $aVIII, 254 p.$d25 cm 461 1$10010041211$12001$aTrattato di diritto commerciale 606 0 $aAlberghi$xDiritto 606 0 $aContratti reali 606 0 $aContratto d'albergo 606 0 $aMagazzini$bGestione 676 $a346.4502 700 1$aZUDDAS,$bGoffredo$0248700 801 0$aIT$bsalbc$gISBD 912 $a990002771330203316 951 $aXXV.3.B 282/2.3.4 (IG II 778/2.3.4.)$b50458 G.$cXXV.3.B 282/2.3.4 (IG II)$d00126774 959 $aBK 969 $aGIU 996 $aDeposito in albergo e nei magazzini generali$9997351 997 $aUNISA